Estados Unidos y la mundialización del debilitamiento del poderio nacional al surgimiento de un nuevo desafio estadounidense /
Na minha lista:
| Autor principal: | |
|---|---|
| Formato: | Texto |
| Assuntos: | |
| Tags: |
Adicionar Tag
Sem tags, seja o primeiro a adicionar uma tag!
|
MARC
| LEADER | 00000 a a2200000 04500 | ||
|---|---|---|---|
| 001 | 42384 | ||
| 003 | |||
| 040 | |||
| 100 | |a Azuelos, Martine | ||
| 245 | |a Estados Unidos y la mundialización del debilitamiento del poderio nacional al surgimiento de un nuevo desafio estadounidense / |c Martine Azuelos | ||
| 650 | |a ESTADOUNIDENSES | ||
| 650 | |a GLOBALIZACION | ||
| 650 | |a ANALISIS ECONOMICO | ||
| 650 | |a ANALISIS HISTORICO | ||
| 650 | |a ANALISIS DE CICLOS DE LARGA DURACION | ||
| 650 | |a ESTRATEGIA DEL DESARROLLO | ||
| 650 | |a INDICADORES ECONOMICOS | ||
| 773 | |g volumen33, número130 ( , 2002), páginas 157-180 | ||
| 999 | |c 38633 |d 38633 | ||
